Appellations - Vins de la Loire et du Centre - Statistiques

Statistiques générales
  • Ce quiz a été pris 877 fois
  • Le résultat moyen est 20 sur 60
Statistiques - réponses
Hint Réponse % Correct
Anjou-Saumur Saumur
81%
Anjou-Saumur Anjou
77%
Région Nantaise Muscadet
71%
Vignobles du Centre Sancerre
67%
La Touraine Chinon
65%
La Touraine Touraine
58%
Anjou-Saumur Coteaux-du-layon
56%
Anjou-Saumur Saumur-champigny
56%
La Touraine Bourgueil
55%
La Touraine Vouvray
55%
Vignobles du Centre Pouilly-fumé
53%
La Touraine Saint-nicolas-de-bourgueil
50%
Anjou-Saumur Cabernet-d'anjou
47%
Vignobles du Centre Menetou-salon
47%
Anjou-Saumur Savennières
43%
Appellations régionales de la Loire Crémant-de-loire
42%
Région Nantaise Muscadet-sèvre-et-maine
40%
Vignobles du Centre Quincy
40%
Vignobles du Centre Reuilly
38%
La Touraine Cheverny
37%
La Touraine Montlouis-sur-loire
37%
Appellations régionales de la Loire Rosé-de-loire
35%
Anjou-Saumur Coteaux-de-l'aubance
32%
Anjou-Saumur Bonnezeaux
30%
Anjou-Saumur Quarts-de-chaume
30%
Anjou-Saumur Rosé-d'anjou
30%
La Touraine Cour-cheverny
29%
Anjou-Saumur Anjou-villages
28%
Région Nantaise Gros-plant-du-pays-nantais
27%
Région Nantaise Fiefs-vendéens
26%
La Touraine Jasnières
26%
Vignobles du Centre Saint-pourçain
26%
Région Nantaise Coteaux-d'ancenis
25%
Vignobles du Centre Côte-roannaise
25%
La Touraine Touraine-amboise
25%
La Touraine Valençay
24%
La Touraine Orléans
23%
Anjou-Saumur Chaume
22%
Vignobles du Centre Coteaux-du-giennois
22%
La Touraine Coteaux-du-loir
22%
Vignobles du Centre Pouilly-sur-loire
22%
La Touraine Touraine-azay-le-rideau
21%
Anjou-Saumur Anjou-villages-brissac
20%
La Touraine Touraine-chenonceaux
19%
Vignobles du Centre Châteaumeillant
18%
Vignobles du Centre Côtes-d'auvergne
18%
Vignobles du Centre Côtes-du-forez
18%
Anjou-Saumur Savennières-coulée-de-serrant
18%
Anjou-Saumur Savennières-roche-aux-moines
18%
Anjou-Saumur Coteaux-de-saumur
17%
Région Nantaise Muscadet-côtes-de-grand-lieu
17%
La Touraine Touraine-noble-joué
17%
La Touraine Touraine-oisly
17%
La Touraine Coteaux-du-vendômois
16%
Région Nantaise Muscadet-coteaux-de-la-loire
15%
La Touraine Touraine-mesland
15%
La Touraine Orléans-cléry
14%
Anjou-Saumur Anjou-gamay
12%
Anjou-Saumur Cabernet-de-saumur
11%
Anjou-Saumur Anjou-coteaux-de-la-loire
10%
Aucun quiz correspondant
Distribution des résultats
% des personnes avec chaque résultat
Percentile par nombre de réponses
Votre historique - résultats
Vous n’avez pas pris ce quiz